00771nac a22001937a 4500001001000000003000900010005001700019008003400036040005400070072000800124100001900132110007600151245016700227260003400394300001000428490010100438500002600539650001200565BR7805991BR-BrBNA20240105114314.0230509b bl.|||m| |||| 00| 0 por d aBR-BrBNAbporcBiblioteca Nacional de Agricultura aE151 aFiorentino, R.1 aUniversidade Federal de Pernambuco, Recife (Brasil). Depto. de Economia1 aNotes of the nature, design and institucional planning of small farm technical change [fazenda, planejamento institucional]bCurso de Mestrado em Economia - PIMES3 aRecife, PE (Brasil): c1978.  a36 p. aTexto para Discussao - Universidade Federal de Pernambuco. Depto. de Economia (Brazil)vno. 68x a38 ref.; Summary (En) aFAZENDA